00405 2200157 4500001002100000005001500021035002000036245005700056100002000113300002700133260003100160082000800191084001400199020002200213990001200235INLIS00000000000266920250903093737 a0010-09250000161 aParasitologi :bMengenal Artopoda /cHebert Adrianto0 aHebert Adrianto a58 hlm ;c14,5 x 21 cm aJakarta :bErlangga,c2023 a574 a574 HEB p a978-623-266-898-0 a0755353